Einige Anmerkungen zu den Auswirkungen der deutschen Vereinigung auf die polnische Wirtschaft
Saved in:
| Main Author: | |
|---|---|
| Format: | Book |
| Language: | German |
| Published: |
Kiel
Institut für Weltwirtschaft
1992
|
| Series: | Kieler Arbeitspapiere
Nr. 502 |
| Subjects: | |
| Tags: |
No Tags, Be the first to tag this record!
|
MARC
| LEADER | 00000nam a2200000 4500 | ||
|---|---|---|---|
| 001 | c100249 | ||
| 005 | 20221123101619.7 | ||
| 022 | |a 0342-0787 | ||
| 041 | 0 | |a ger | |
| 044 | |a DE | ||
| 245 | 1 | 0 | |a Einige Anmerkungen zu den Auswirkungen der deutschen Vereinigung auf die polnische Wirtschaft |c Józef Misala |
| 264 | 1 | |a Kiel |b Institut für Weltwirtschaft |c 1992 | |
| 300 | |a 35 s. | ||
| 490 | 1 | |a Kieler Arbeitspapiere |v Nr. 502 | |
| 830 | 0 | |a Kieler Arbeitspapiere |v Nr. 502 | |
| 610 | 2 | 0 | |a spolupráca hospodárska medzinárodná |
| 610 | 2 | 0 | |a obchod zahraničný |
| 610 | 2 | 0 | |a produkcia |
| 610 | 2 | 0 | |a služby |
| 610 | 2 | 0 | |a rozvoj hospodársky |
| 610 | 2 | 0 | |a dovoz |
| 610 | 2 | 0 | |a vývoz |
| 610 | 2 | 0 | |a vzťahy hospodárske medzinárodné |
| 610 | 2 | 0 | |a ukazovatele ekonomické |
| 610 | 2 | 0 | |a porovnanie štatistické |
| 610 | 2 | 0 | |a Nemecko |
| 610 | 2 | 0 | |a východné Nemecko |
| 610 | 2 | 0 | |a Poľsko |
| 100 | 1 | |a Misala, Józef | |